Serving Construction and Architecture in Local Authorities (Scala) (Record no. 120419)
[ view plain ]
| 000 -LEADER | |
|---|---|
| fixed length control field | 00946cam a2200205 4500 |
| 001 - CONTROL NUMBER | |
| control field | WS1256265 |
| 008 - FIXED-LENGTH DATA ELEMENTS--GENERAL INFORMATION | |
| fixed length control field | 040329n 000 0 eng u |
| 035 ## - SYSTEM CONTROL NUMBER | |
| System control number | (Sirsi) u125626 |
| 110 ## - MAIN ENTRY--CORPORATE NAME | |
| Corporate name or jurisdiction name as entry element | Serving Construction and Architecture in Local Authorities |
| 9 (RLIN) | 4607 |
| 245 ## - TITLE STATEMENT | |
| Title | Serving Construction and Architecture in Local Authorities (Scala) |
| 520 ## - SUMMARY, ETC. | |
| Summary, etc. | Web site for this organisation of public sector architects and related professionals committed to assisting its members in achieving the highest possible standards in the development, design, construction and management of the public sector estate. Includes details of publications and discussion forum. |
| 650 ## - SUBJECT ADDED ENTRY--TOPICAL TERM | |
| Topical term or geographic name entry element | ORGANISATION |
| 650 ## - SUBJECT ADDED ENTRY--TOPICAL TERM | |
| Topical term or geographic name entry element | ARCHITECTS |
| 650 ## - SUBJECT ADDED ENTRY--TOPICAL TERM | |
| Topical term or geographic name entry element | PUBLIC SECTOR |
| 650 ## - SUBJECT ADDED ENTRY--TOPICAL TERM | |
| Topical term or geographic name entry element | DISCUSSION FORUM |
| 650 ## - SUBJECT ADDED ENTRY--TOPICAL TERM | |
| Topical term or geographic name entry element | LOCAL AUTHORITIES |
| 690 ## - LOCAL SUBJECT ADDED ENTRY--TOPICAL TERM (OCLC, RLIN) | |
| Topical term or geographic name as entry element | BUILT ENVIRONMENT |
| 856 40 - ELECTRONIC LOCATION AND ACCESS | |
| Uniform Resource Identifier | <a href="https://www.scala.org.uk">https://www.scala.org.uk</a> |
| Public note | View the website free of charge at www.scala.org.uk... |
| 942 ## - ADDED ENTRY ELEMENTS (KOHA) | |
| Suppress in OPAC | 0 |
| Withdrawn status | Lost status | Source of classification or shelving scheme | Damaged status | Not for loan | Home library | Current library | Shelving location | Date acquired | Total Checkouts | Full call number | Barcode | Date last seen | Copy number | Price effective from | Koha item type |
|---|---|---|---|---|---|---|---|---|---|---|---|---|---|---|---|
| Dewey Decimal Classification | Virtual | Virtual | Online | 29/03/2004 | WEB SITE | 125626-1001 | 06/08/2019 | 1 | 06/08/2019 | Online material |